| 000 | 03631cam a2200877 a 4500 | ||
|---|---|---|---|
| 001 | 21409 | ||
| 003 | VRT | ||
| 005 | 20260228144926.0 | ||
| 006 | g g vl | ||
| 008 | 240318s2011 xo g 000 0bslo | ||
| 015 | _aSNBA2012/04-02242 | ||
| 020 |
_a9788081280306 _q(viaz) |
||
| 035 | _aBD13691A-1857-4A99-82F6-EC4531FF02B0 | ||
| 035 | _aurn:nbn:sk:snk-amjjfq | ||
| 035 | _aurn:nbn:sk:snk-am000xae | ||
| 039 | 9 |
_a202403181707 _bVLOAD _c202109290925 _dAUTHORITY _c202103091034 _dAUTHORITY _c202103081403 _dmsnk162 |
|
| 040 |
_aSVKBB _bslo _cSVKBB _dSNK _eAACR2 |
||
| 041 | 0 | _aslo | |
| 043 |
_ae-xo--- _ae-cs--- |
||
| 044 |
_axo _cSK |
||
| 072 | 7 |
_a821.162.4 _xSlovenská literatúra _2konspekt |
|
| 072 | 7 |
_a929 _xBiografie _2konspekt |
|
| 080 |
_a32-051 _22001 |
||
| 080 |
_a821.162.4-31 _22001 |
||
| 080 |
_a(0:82-312.6) _22001 |
||
| 080 |
_a343.1:32 _22001 |
||
| 080 |
_a354.11-051 _22001 |
||
| 080 |
_a(437.6) _22001 |
||
| 080 |
_a(0:82-2) _22001 |
||
| 080 |
_a(437) _22001 |
||
| 100 | 1 |
_aJurík, Ľuboš, _d1947-2021 _4aut |
|
| 245 | 1 | 0 |
_aSmrť ministra ; Ministrova smrť _bnoc pred popravou Vladimíra Clementisa _cĽuboš Jurík |
| 250 | _a[1. vyd.] | ||
| 260 |
_aMartin _bMatica slovenská _c2011 |
||
| 300 |
_a310 s. _c23 cm _e1 DVD |
||
| 500 | _aBiogr. údaje | ||
| 500 | _aDokument obsahuje 2 diela | ||
| 600 | 1 | 7 |
_aClementis, Vladimír, _d1902-1952 _2SNKMA |
| 648 | 7 |
_a20. storočie _2SNK |
|
| 648 | 7 |
_a20th century _2SNKPHeng |
|
| 650 | 0 | 7 |
_apolitici _2SNKPH |
| 650 | 0 | 7 |
_aPoliticians _2SNKPHeng |
| 650 | 0 | 7 |
_apolitické súdne procesy _2SNKPH |
| 650 | 0 | 7 |
_aPolitical trials _2SNKPHeng |
| 650 | 0 | 7 |
_aMinisters of foreign affairs _2SNKPHeng |
| 650 | 0 | 7 |
_aministri zahraničia _2SNKPH |
| 651 | 7 |
_aČeskoslovensko _2SNKPHgeo |
|
| 651 | 7 |
_aSlovensko _2SNKPHgeo |
|
| 651 | 7 |
_aCzechoslovakia _2SNKPHeng |
|
| 651 | 7 |
_aSlovakia _2SNKPHeng |
|
| 655 | 7 |
_aslovenské romány _2SNKPH |
|
| 655 | 7 |
_aSlovak fiction _2SNKPHeng |
|
| 655 | 7 |
_aBiographical novels _2SNKPHeng |
|
| 655 | 7 |
_abiografické romány _2SNKPH |
|
| 655 | 7 |
_aTheater plays _2SNKPHeng |
|
| 655 | 7 |
_adivadelné hry _2SNKPH |
|
| 740 | 0 | 2 | _aMinistrova smrť |
| 942 |
_2ddc _cKLDO _n0 |
||
| 949 |
_6273K0536193 _asvkpoB 85893a _bsvkpo541300 _oCD uložené na Námestí mládeže (iba na požiadanie) _rPríl.: 1 CD, požičané bez CD |
||
| 949 |
_62889172664 _asavukS 149392 _bsavuk2012/375 _qSkontrolovať vrátenie 1 DVD _rObsahuje 1 DVD |
||
| 949 |
_617A0798477 _asnkSC 147703 _bsnk2012/594 _o2822/11 _qPríloha: 1 DVD _rPríloha: 1 DVD |
||
| 949 |
_617A0798476 _asnkSC 147703/príl. _bsnk2012/594 _pPríloha _qPríloha: 1 DVD _rPríloha: 1 DVD |
||
| 949 |
_617A0798475 _asnkSC 147703 D1 _bsnk2012/595 _o2822/11 _qPríloha: 1 DVD _rPríloha: 1 DVD _s6100:20210923 |
||
| 949 |
_617A0798474 _asnkSC 147703/príl. D1 _bsnk2012/595 _pPríloha _qPríloha: 1 DVD _rPríloha: 1 DVD |
||
| 949 |
_6273K0536801 _asvkpoB 85893b _bsvkpo542366 _oCD uložené na Námestí mládeže (iba na požiadanie) _rPríl.: 1 CD, požičané bez CD |
||
| 949 |
_60133096760 _asnmk _bsnmk2012/96760 |
||
| 949 |
_6273K0535573 _asvkpoB 85893 _bsvkpo540690 _oCD uložené na Námestí mládeže (iba na požiadanie) _rPríl.: 1 CD, požičané bez CD |
||
| 949 |
_6270001000395432 _91 voľ. príl. DVD _asvkbbB 47336 _bsvkbbm 723479 |
||
| 949 |
_6273K0551187 _asvkpoB 87985 _bsvkpo553862 _oDVD uložené na Námestí mládeže 1 (iba na požiadanie) _rPríl.: 1 DVD, požičané bez DVD |
||
| 980 | _a821.162.4-31 | ||
| 980 | _a929 | ||
| 980 | _a(0:82-312.6) | ||
| 980 | _a32-051 | ||
| 980 | _a354.11-051 | ||
| 999 |
_c21409 _d21409 |
||